El Sistema de Documentación sobre Población en América Latina -DOCPAL

Uloženo v:
Podrobná bibliografie
Korporativní autor: CELADE
Médium: Text
Vydáno: Santiago: CELADE
Témata:
Tagy: Přidat tag
Žádné tagy, Buďte první, kdo vytvoří štítek k tomuto záznamu!

MARC

LEADER 00000 a a2200000 04500
001 15485
003
040
090 |a 016600  
110 |a CELADE  
245 |a El Sistema de Documentación sobre Población en América Latina -DOCPAL  
260 |a Santiago:   |b CELADE  
300 |a pp 95-11  
500 |a Separata de: "Notas de Población: Revista Latinoamericana de Demografía", año IV, n° 10, abril de 1976  
650 |a DOCUMENTACION  
999 |c 14345  |d 14345